[Event "Benidorm 2004 - sub2300"]
[Site "Benidorm ESP"]
[Date "2004.11.25"]
[Round "7.11"]
[White "Martin Perez, Javier"]
[Black "Rocabert Andreu, Guillem"]
[Result "1/2-1/2"]
[WhiteElo "2232"]
[BlackElo "2248"]
[PlyCount "52"]
[EventDate "2004.11.19"]
[EventType "swiss"]
[EventRounds "9"]
[EventCountry "ESP"]
[Source "lmi"]
[SourceDate "2004.11.19"]

1. e4 Nf6 2. e5 Nd5 3. c4 Nb6 4. d4 d6 5. f4 dxe5 6. fxe5 c5 7. d5 e6 8. Nc3
exd5 9. cxd5 c4 10. d6 Nc6 11. Nb5 Qh4+ 12. g3 Qe4+ 13. Qe2 Qxh1 14. Bg5 f6 15.
Nc7+ Kf7 16. e6+ Kg6 17. Bf4 Ne5 18. Bxe5 Bxe6 19. Nf3 Bg4 20. Nh4+ Kh5 21. Qe3
Nd5 22. Qd4 Nxc7 23. Kf2 Qd5 24. Qxg4+ Kxg4 25. Be2+ Kh3 26. Bf1+ Kg4 1/2-1/2

[Event "Benidorm 2004 - sub2300"]
[Site "Benidorm ESP"]
[Date "2004.11.25"]
[Round "7.13"]
[White "Hutchinson, Norman"]
[Black "Bosque Ortega, Xavier"]
[Result "0-1"]
[WhiteElo "2176"]
[BlackElo "2267"]
[PlyCount "78"]
[EventDate "2004.11.19"]
[EventType "swiss"]
[EventRounds "9"]
[EventCountry "ESP"]
[Source "lmi"]
[SourceDate "2004.11.19"]

1. e4 c6 2. d4 d5 3. e5 g6 4. c3 h5 5. f4 Nh6 6. Be3 Bf5 7. h3 Qb6 8. Qb3 Bxb1
9. Rxb1 Nf5 10. Bf2 e6 11. Bd3 Be7 12. Nf3 Nd7 13. O-O Qxb3 14. axb3 c5 15. c4
Nxd4 16. Nxd4 cxd4 17. cxd5 exd5 18. e6 fxe6 19. Bxg6+ Kf8 20. Rbc1 Rh6 21. f5
e5 22. Rc7 Nc5 23. Bg3 Bd6 24. Rf7+ Kg8 25. b4 Ne4 26. Bh4 Rf8 27. Rxb7 d3 28.
Rd1 d2 29. Be7 Rc8 30. Bxd6 Nxd6 31. Rxa7 Rc1 32. Ra1 Rxa1 33. Rxa1 e4 34. Kf2
d4 35. Ke2 e3 36. Ra6 d3+ 37. Kd1 Nc4 38. Ra8+ Kg7 39. Ra7+ Kf6 0-1

[Event "Benidorm 2004 - sub2300"]
[Site "Benidorm ESP"]
[Date "2004.11.25"]
[Round "7.14"]
[White "Lacrosse, Marc"]
[Black "De Lucas Bello, Federico"]
[Result "1/2-1/2"]
[WhiteElo "2264"]
[BlackElo "2174"]
[PlyCount "80"]
[EventDate "2004.11.19"]
[EventType "swiss"]
[EventRounds "9"]
[EventCountry "ESP"]
[Source "lmi"]
[SourceDate "2004.11.19"]

1. d4 Nf6 2. c4 c5 3. d5 b5 4. cxb5 a6 5. bxa6 Bxa6 6. Nc3 g6 7. Nf3 d6 8. e4
Bxf1 9. Kxf1 Bg7 10. g3 O-O 11. Kg2 Nbd7 12. Re1 Ng4 13. Nd2 Nge5 14. Qe2 Nb6
15. f4 Ned7 16. Nf3 Na4 17. Qc2 Ndb6 18. Bd2 Ra6 19. b3 Nxc3 20. Bxc3 Bxc3 21.
Qxc3 Ra3 22. Re2 Qa8 23. Qb2 Rb8 24. Rb1 Qa6 25. Rc1 Ra8 26. Rcc2 f6 27. g4 Qb5
28. Qc3 R8a5 29. Qd2 Qa6 30. g5 Qc8 31. h3 f5 32. Nd4 Qa8 33. Nc6 fxe4 34. Rxe4
Rxa2 35. Nxa5 Rxa5 36. Rxe7 Nxd5 37. Re8+ Qxe8 38. Qxd5+ Kg7 39. Kf2 Qf8 40.
Kg3 Rb5 1/2-1/2

[Event "Benidorm 2004 - sub2300"]
[Site "Benidorm ESP"]
[Date "2004.11.25"]
[Round "7.15"]
[White "Cabello Rodriguez, Sandro"]
[Black "Martinez Tormo, Jorge"]
[Result "1/2-1/2"]
[WhiteElo "2154"]
[BlackElo "2240"]
[PlyCount "43"]
[EventDate "2004.11.19"]
[EventType "swiss"]
[EventRounds "9"]
[EventCountry "ESP"]
[Source "lmi"]
[SourceDate "2004.11.19"]

1. e4 c5 2. Nf3 e6 3. d4 cxd4 4. Nxd4 Nf6 5. Nc3 Nc6 6. Ndb5 Bb4 7. a3 Bxc3+ 8.
Nxc3 d5 9. exd5 exd5 10. Bd3 Bg4 11. f3 Be6 12. Bg5 h6 13. Bh4 O-O 14. O-O g5
15. Bf2 a6 16. Qd2 Nh5 17. Rfe1 b5 18. Bf1 Qd7 19. Rad1 Rfd8 20. Bb6 Rdb8 21.
Be3 Rd8 22. Bb6 1/2-1/2

[Event "Benidorm 2004 - sub2300"]
[Site "Benidorm ESP"]
[Date "2004.11.26"]
[Round "8.1"]
[White "Szmetan, Ricardo"]
[Black "Renteria, Jorge"]
[Result "1/2-1/2"]
[WhiteElo "2283"]
[BlackElo "2259"]
[PlyCount "40"]
[EventDate "2004.11.19"]
[EventType "swiss"]
[EventRounds "9"]
[EventCountry "ESP"]
[Source "lmi"]
[SourceDate "2004.11.19"]

1. Nf3 c5 2. c4 Nf6 3. Nc3 b6 4. g3 Bb7 5. Bg2 e6 6. O-O d6 7. e3 Be7 8. d4
cxd4 9. exd4 O-O 10. d5 e5 11. Nh4 Bc8 12. f4 Bg4 13. Qc2 exf4 14. Rxf4 g5 15.
Rxg4 Nxg4 16. Nf5 Ne5 17. Ne4 f6 18. b3 Na6 19. Nd4 Nc7 20. Nf5 Na6 1/2-1/2

[Event "Benidorm 2004 - sub2300"]
[Site "Benidorm ESP"]
[Date "2004.11.26"]
[Round "8.2"]
[White "Garcia Garcia, Ruben"]
[Black "Taboas Rodriguez, Daniel"]
[Result "1/2-1/2"]
[WhiteElo "2297"]
[BlackElo "2266"]
[PlyCount "76"]
[EventDate "2004.11.19"]
[EventType "swiss"]
[EventRounds "9"]
[EventCountry "ESP"]
[Source "lmi"]
[SourceDate "2004.11.19"]

1. e4 e5 2. Nf3 Nc6 3. Bb5 Nge7 4. c3 g6 5. d4 Bg7 6. d5 a6 7. Be2 Na7 8. d6
cxd6 9. Qxd6 Nb5 10. Bxb5 axb5 11. Nxe5 Ra6 12. Qc5 O-O 13. Nf3 d5 14. e5 Bg4
15. Nbd2 Nc6 16. h3 Bf5 17. O-O Re8 18. Re1 b4 19. Nd4 bxc3 20. bxc3 Ra5 21.
Nxc6 Rxc5 22. Nxd8 Rxd8 23. Bb2 d4 24. cxd4 Rc2 25. Bc1 Rxd4 26. Nf3 Ra4 27. a3
h6 28. Rb1 Be4 29. Rb3 g5 30. Rbe3 Bd5 31. Rd3 Be4 32. Rde3 Bxf3 33. Rxf3 Rac4
34. Be3 R2c3 35. Bd2 Rxf3 36. gxf3 Rc5 37. e6 fxe6 38. Rxe6 b5 1/2-1/2

[Event "Benidorm 2004 - sub2300"]
[Site "Benidorm ESP"]
[Date "2004.11.26"]
[Round "8.3"]
[White "Fenollar Jorda, Manuel"]
[Black "De La Fuente Mayan, Alfredo"]
[Result "0-1"]
[WhiteElo "2191"]
[BlackElo "2174"]
[PlyCount "100"]
[EventDate "2004.11.19"]
[EventType "swiss"]
[EventRounds "9"]
[EventCountry "ESP"]
[Source "lmi"]
[SourceDate "2004.11.19"]

1. d4 Nf6 2. Nf3 e6 3. Nbd2 c5 4. e3 b6 5. Bd3 Bb7 6. c3 Be7 7. O-O d6 8. Qe2
Nbd7 9. e4 e5 10. d5 O-O 11. Re1 g6 12. Nf1 Nh5 13. Bh6 Nf4 14. Qd2 Nxd3 15.
Qxd3 Re8 16. g4 Bf8 17. Qe3 Bxh6 18. Qxh6 Qf6 19. Qe3 Kg7 20. Kg2 Qf4 21. h3 h6
22. Ng3 Qxe3 23. Rxe3 c4 24. Nd2 b5 25. b4 a5 26. bxa5 Rxa5 27. Rb1 Ba6 28. Rb2
Nc5 29. Nb1 Nd3 30. Rd2 Ra8 31. a3 Bc8 32. Rd1 Bd7 33. Rf1 R5a7 34. Ne2 f5 35.
gxf5 gxf5 36. f4 fxe4 37. fxe5 dxe5 38. Rg3+ Kh8 39. Rf6 Ra6 40. d6 Bf5 41. Nd2
Bh7 42. Rxh6 Nc5 43. Rg5 Rg8 44. Rxg8+ Kxg8 45. d7 Ra8 46. Rb6 Nxd7 47. Rxb5 e3
48. Nf3 Be4 49. Ng3 Bc6 50. Rb2 Rf8 0-1

[Event "Benidorm 2004 - sub2300"]
[Site "Benidorm ESP"]
[Date "2004.11.26"]
[Round "8.4"]
[White "Mihailovs, Jurijs"]
[Black "Dimitrov, Christo"]
[Result "1/2-1/2"]
[WhiteElo "2212"]
[BlackElo "2290"]
[PlyCount "61"]
[EventDate "2004.11.19"]
[EventType "swiss"]
[EventRounds "9"]
[EventCountry "ESP"]
[Source "lmi"]
[SourceDate "2004.11.19"]

1. d4 d5 2. c4 c6 3. Nf3 Nf6 4. Nc3 a6 5. e3 b5 6. b3 Bg4 7. Qc2 e6 8. Ne5 Bf5
9. Bd3 Bxd3 10. Qxd3 Bd6 11. f4 b4 12. Na4 Ne4 13. O-O f6 14. Nf3 O-O 15. Nd2
f5 16. Nxe4 fxe4 17. Qe2 Qh4 18. Bd2 a5 19. Be1 Qh6 20. Qg4 Nd7 21. Bh4 dxc4
22. bxc4 c5 23. d5 Rf5 24. Rad1 Raf8 25. Bg5 Qg6 26. dxe6 Qxe6 27. Qe2 Bc7 28.
Qd2 Nb6 29. Nxb6 Bxb6 30. Qc2 h6 31. Bh4 1/2-1/2

[Event "Benidorm 2004 - sub2300"]
[Site "Benidorm ESP"]
[Date "2004.11.26"]
[Round "8.5"]
[White "Pena, Alfredo"]
[Black "Montilla Carrillo, Esteban"]
[Result "1/2-1/2"]
[WhiteElo "2242"]
[BlackElo "2267"]
[PlyCount "69"]
[EventDate "2004.11.19"]
[EventType "swiss"]
[EventRounds "9"]
[EventCountry "ESP"]
[Source "lmi"]
[SourceDate "2004.11.19"]

1. e4 c5 2. Nf3 d6 3. d4 Nf6 4. Nc3 cxd4 5. Nxd4 g6 6. Be3 Bg7 7. f3 Nc6 8. Qd2
O-O 9. g4 Nxd4 10. Bxd4 Be6 11. O-O-O Qa5 12. Kb1 Rfc8 13. a3 Rab8 14. Nd5 Qxd2
15. Rxd2 Nxd5 16. Bxg7 Kxg7 17. exd5 Bd7 18. Bd3 Rc5 19. Re2 e5 20. dxe6 Bxe6
21. Rd1 b5 22. Re4 a5 23. Rd4 h5 24. b4 axb4 25. axb4 Rd5 26. Rxd5 Bxd5 27. Be2
Bc4 28. Bxc4 bxc4 29. c3 hxg4 30. fxg4 Rd8 31. Rd4 d5 32. g5 f5 33. gxf6+ Kxf6
34. h4 Ke5 35. Rg4 1/2-1/2

[Event "Benidorm 2004 - sub2300"]
[Site "Benidorm ESP"]
[Date "2004.11.26"]
[Round "8.6"]
[White "Garcia Gata, Jorge David"]
[Black "Roofthoofd, Marcel"]
[Result "1/2-1/2"]
[WhiteElo "2021"]
[BlackElo "2262"]
[PlyCount "95"]
[EventDate "2004.11.19"]
[EventType "swiss"]
[EventRounds "9"]
[EventCountry "ESP"]
[Source "lmi"]
[SourceDate "2004.11.19"]

1. d4 Nf6 2. Nf3 e6 3. Bg5 h6 4. Bh4 g5 5. Bg3 d6 6. Nc3 Bg7 7. e3 Nh5 8. Bd3
Nxg3 9. hxg3 b6 10. Be4 d5 11. Bd3 Nd7 12. e4 c6 13. Qe2 dxe4 14. Nxe4 Qc7 15.
O-O-O Bb7 16. Kb1 O-O-O 17. c3 Kb8 18. g4 Rhe8 19. Qc2 Qf4 20. Nfd2 c5 21. dxc5
bxc5 22. f3 Qc7 23. Nc4 Nb6 24. Nxb6 axb6 25. Bb5 Rxd1+ 26. Rxd1 Rd8 27. Nf2
Rxd1+ 28. Qxd1 f5 29. Qe2 Qd6 30. gxf5 exf5 31. a4 Qe5 32. Qxe5+ Bxe5 33. Bd7
Bg3 34. Nd1 g4 35. Bxf5 gxf3 36. gxf3 Bxf3 37. Kc2 h5 38. Ne3 Bf4 39. Kd3 Kc7
40. b4 h4 41. Bh3 Bc6 42. a5 bxa5 43. bxa5 Kb7 44. Nf5 Bg3 45. Kc4 Bf2 46. Ne7
Be8 47. Bc8+ Kc7 48. Bh3 1/2-1/2

[Event "Benidorm 2004 - sub2300"]
[Site "Benidorm ESP"]
[Date "2004.11.26"]
[Round "8.8"]
[White "Tscharotschkin, Michael"]
[Black "Goormachtigh, Johan"]
[Result "1/2-1/2"]
[WhiteElo "2202"]
[BlackElo "2279"]
[PlyCount "53"]
[EventDate "2004.11.19"]
[EventType "swiss"]
[EventRounds "9"]
[EventCountry "ESP"]
[Source "lmi"]
[SourceDate "2004.11.19"]

1. e4 c5 2. c3 d5 3. exd5 Qxd5 4. d4 Nf6 5. Nf3 Bg4 6. Be2 e6 7. O-O Nc6 8. h3
Bh5 9. a3 cxd4 10. cxd4 Be7 11. Nc3 Qd6 12. Nb5 Qd8 13. g4 Bg6 14. Ne5 a6 15.
Nxc6 bxc6 16. Nc3 O-O 17. h4 h6 18. h5 Bh7 19. Bf4 Nd5 20. Nxd5 cxd5 21. Qd2 a5
22. b4 Qb6 23. b5 a4 24. Rfc1 Bf6 25. Be5 Bxe5 26. dxe5 Be4 27. Rc6 1/2-1/2

[Event "Benidorm 2004 - sub2300"]
[Site "Benidorm ESP"]
[Date "2004.11.26"]
[Round "8.9"]
[White "Minaya, Juan"]
[Black "Martin Perez, Javier"]
[Result "0-1"]
[WhiteElo "2278"]
[BlackElo "2232"]
[PlyCount "58"]
[EventDate "2004.11.19"]
[EventType "swiss"]
[EventRounds "9"]
[EventCountry "ESP"]
[Source "lmi"]
[SourceDate "2004.11.19"]

1. Nf3 e6 2. c4 d5 3. e3 Nf6 4. b3 Nbd7 5. Bb2 Bd6 6. Be2 c6 7. O-O O-O 8. Nc3
Qe7 9. Qc2 Re8 10. d4 dxc4 11. Bxc4 b5 12. Bd3 Bb7 13. e4 e5 14. Ne2 c5 15.
dxe5 Nxe5 16. Nxe5 Bxe5 17. Bxe5 Qxe5 18. f4 Qe6 19. e5 Ng4 20. Qxc5 Red8 21.
Qxb5 Bc6 22. Qc4 Qh6 23. h3 Ne3 24. Qc3 Bxg2 25. Bxh7+ Qxh7 26. Qxe3 Rd3 27.
Qf2 Bb7 28. Rfd1 Rxh3 29. Qd4 Qh4 0-1

[Event "Benidorm 2004 - sub2300"]
[Site "Benidorm ESP"]
[Date "2004.11.26"]
[Round "8.10"]
[White "Bosque Ortega, Xavier"]
[Black "Diaz Castro, Sergio"]
[Result "1/2-1/2"]
[WhiteElo "2267"]
[BlackElo "2209"]
[PlyCount "127"]
[EventDate "2004.11.19"]
[EventType "swiss"]
[EventRounds "9"]
[EventCountry "ESP"]
[Source "lmi"]
[SourceDate "2004.11.19"]

1. d4 g6 2. Nf3 Bg7 3. Bf4 d6 4. e3 Nf6 5. h3 O-O 6. Be2 Nbd7 7. O-O Qe8 8. c4
e5 9. Bh2 Qe7 10. Nc3 c6 11. b4 a5 12. a3 axb4 13. axb4 Rxa1 14. Qxa1 exd4 15.
exd4 c5 16. Re1 cxd4 17. Bf1 Qd8 18. Nb5 Ne5 19. Nxe5 dxe5 20. Bxe5 d3 21. Nd6
Qe7 22. Bxd3 Be6 23. Ne4 Ne8 24. Bxg7 Nxg7 25. Nf6+ Kh8 26. c5 Qc7 27. Bb5 b6
28. Qc3 bxc5 29. bxc5 Qc8 30. Rd1 Qb8 31. Bd7 Qb3 32. Qa1 Bxd7 33. Nxd7 Rc8 34.
Nf6 Qb5 35. Qe5 Qb3 36. Rc1 Qe6 37. Qc3 Rc6 38. Ng4 f6 39. Re1 Qf7 40. Qd4 Qf8
41. Rc1 Ne6 42. Qd7 Rxc5 43. Re1 Ng7 44. Re7 Rc1+ 45. Kh2 Qb8+ 46. g3 Qa8 47.
Qb7 Qxb7 48. Rxb7 Nh5 49. Nh6 Rc6 50. h4 f5 51. Nf7+ Kg8 52. Nh6+ Kh8 53. Nf7+
Kg8 54. Ne5 Re6 55. Nf3 Nf6 56. Ng5 Ng4+ 57. Kg1 Re1+ 58. Kg2 h6 59. Nh3 Re6
60. Nf4 Rd6 61. Rb8+ Kf7 62. Rb7+ Kg8 63. Rb8+ Kf7 64. Rb7+ 1/2-1/2

[Event "Benidorm 2004 - sub2300"]
[Site "Benidorm ESP"]
[Date "2004.11.26"]
[Round "8.11"]
[White "Serra Olives, Tomas"]
[Black "Ballesteros Gonzalez, David"]
[Result "0-1"]
[WhiteElo "2200"]
[BlackElo "2248"]
[PlyCount "54"]
[EventDate "2004.11.19"]
[EventType "swiss"]
[EventRounds "9"]
[EventCountry "ESP"]
[Source "lmi"]
[SourceDate "2004.11.19"]

1. e4 g6 2. d4 c6 3. Be3 Bg7 4. Nc3 d5 5. e5 h5 6. Qd2 Nh6 7. f3 Bf5 8. Nge2
Nd7 9. Nf4 e6 10. Nce2 Rc8 11. Nd3 Qb6 12. Ng3 h4 13. Nxf5 Nxf5 14. c3 Nxe5 15.
Nxe5 Bxe5 16. Bd3 Nxe3 17. Qxe3 Bf6 18. Bxg6 Ke7 19. Bd3 Qxb2 20. Rc1 Qxg2 21.
Rg1 Qxh2 22. Rc2 Qd6 23. f4 c5 24. Rb2 b6 25. f5 cxd4 26. cxd4 Rcg8 27. fxe6
Qxe6 0-1

[Event "Benidorm 2004 - sub2300"]
[Site "Benidorm ESP"]
[Date "2004.11.26"]
[Round "8.12"]
[White "Rocabert Andreu, Guillem"]
[Black "Buxade Roca, Guillermo"]
[Result "1-0"]
[WhiteElo "2248"]
[BlackElo "2203"]
[PlyCount "63"]
[EventDate "2004.11.19"]
[EventType "swiss"]
[EventRounds "9"]
[EventCountry "ESP"]
[Source "lmi"]
[SourceDate "2004.11.19"]

1. Nf3 d5 2. d4 Nf6 3. c4 e6 4. Nc3 Nbd7 5. Bf4 c6 6. e3 Be7 7. h3 O-O 8. Rc1
Nh5 9. Bh2 g6 10. Be2 Ng7 11. O-O Nf5 12. c5 b5 13. Nxb5 cxb5 14. Bxb5 Nb8 15.
Ne5 Ba6 16. a4 Qc8 17. b4 Bxb5 18. axb5 f6 19. Nd3 Nd7 20. Nf4 Kf7 21. e4 e5
22. dxe5 fxe5 23. Qxd5+ Ke8 24. Ne6 Nd4 25. Ng7+ Kd8 26. Bxe5 Ne2+ 27. Kh1 Nxc1
28. Rxc1 Rxf2 29. Rd1 Bf8 30. Ne6+ Ke7 31. Bd6+ Kf6 32. e5+ 1-0

[Event "Benidorm 2004 - sub2300"]
[Site "Benidorm ESP"]
[Date "2004.11.26"]
[Round "8.13"]
[White "Stoeckmann, Helmut"]
[Black "Farfan, Ortiz Alfredo"]
[Result "0-1"]
[WhiteElo "2174"]
[BlackElo "2246"]
[PlyCount "38"]
[EventDate "2004.11.19"]
[EventType "swiss"]
[EventRounds "9"]
[EventCountry "ESP"]
[Source "lmi"]
[SourceDate "2004.11.19"]

1. c4 e5 2. Nc3 Nc6 3. Nf3 f5 4. d4 e4 5. d5 exf3 6. dxc6 bxc6 7. gxf3 Qh4 8.
e3 Bc5 9. Bd3 Nf6 10. Qe2 Rb8 11. Bxf5 O-O 12. Bd3 d5 13. b3 d4 14. Ne4 Nxe4
15. Bxe4 Bh3 16. Rg1 Rbd8 17. exd4 Rxd4 18. Rg4 Bxg4 19. fxg4 Rxe4 0-1

[Event "Benidorm 2004 - sub2300"]
[Site "Benidorm ESP"]
[Date "2004.11.26"]
[Round "8.14"]
[White "Van Hoolandt, Patrick"]
[Black "Sanchez Barbado, Carlos"]
[Result "1/2-1/2"]
[WhiteElo "2269"]
[BlackElo "2082"]
[PlyCount "80"]
[EventDate "2004.11.19"]
[EventType "swiss"]
[EventRounds "9"]
[EventCountry "ESP"]
[Source "lmi"]
[SourceDate "2004.11.19"]

1. c4 f5 2. g3 Nf6 3. Bg2 e6 4. Nf3 Be7 5. b3 O-O 6. Bb2 d6 7. d4 a5 8. O-O Na6
9. Nc3 c6 10. Qc2 Bd7 11. e4 fxe4 12. Nxe4 Nxe4 13. Qxe4 Nc7 14. Nd2 b5 15.
Rae1 a4 16. f4 axb3 17. axb3 bxc4 18. bxc4 Qb8 19. Rb1 Ra2 20. Bc3 Qa7 21. Ra1
Ra3 22. Qc2 Ra6 23. Rxa6 Nxa6 24. Ra1 Bf6 25. Kh1 Ra8 26. d5 Bxc3 27. Qxc3 exd5
28. cxd5 c5 29. Ne4 Qb8 30. Ng5 Nc7 31. Re1 Qb4 32. Qc1 Re8 33. Rxe8+ Nxe8 34.
h3 Nf6 35. Qa1 Qb7 36. Qa5 Qc8 37. g4 h6 38. Ne4 Nxe4 39. Bxe4 Qe8 40. Bf3 Qe7
1/2-1/2

[Event "Benidorm 2004 - sub2300"]
[Site "Benidorm ESP"]
[Date "2004.11.26"]
[Round "8.15"]
[White "Ramos Ferrandiz, Juan C"]
[Black "Celaya Tapiz, Jose Maria"]
[Result "0-1"]
[WhiteElo "2162"]
[BlackElo "2265"]
[PlyCount "77"]
[EventDate "2004.11.19"]
[EventType "swiss"]
[EventRounds "9"]
[EventCountry "ESP"]
[Source "lmi"]
[SourceDate "2004.11.19"]

1. d4 Nf6 2. c4 g6 3. Nc3 d5 4. cxd5 Nxd5 5. e4 Nxc3 6. bxc3 Bg7 7. Nf3 O-O 8.
Rb1 c5 9. Be2 cxd4 10. cxd4 Nc6 11. d5 Ne5 12. Nxe5 Bxe5 13. O-O Bg7 14. Bb2
Bxb2 15. Rxb2 Qd6 16. Qd4 e6 17. Qf6 Rd8 18. Rd1 exd5 19. Qxd6 Rxd6 20. Bc4 b6
21. Bxd5 Be6 22. f3 Rad8 23. Rbd2 Kg7 24. Kf2 f5 25. Rc2 fxe4 26. Rc7+ Kf6 27.
fxe4 R8d7 28. Bxe6 Kxe6 29. Rxd6+ Kxd6 30. Rc2 Ke5 31. a4 Kxe4 32. a5 Kd5 33.
a6 b5 34. g4 h6 35. Rc8 Rd6 36. Rh8 g5 37. Kg3 Rxa6 38. h4 gxh4+ 39. Kxh4 0-1

[Event "Benidorm 2004 - sub2300"]
[Site "Benidorm ESP"]
[Date "2004.11.27"]
[Round "9.1"]
[White "Renteria, Jorge"]
[Black "Garcia Garcia, Ruben"]
[Result "0-1"]
[WhiteElo "2259"]
[BlackElo "2297"]
[PlyCount "92"]
[EventDate "2004.11.19"]
[EventType "swiss"]
[EventRounds "9"]
[EventCountry "ESP"]
[Source "lmi"]
[SourceDate "2004.11.19"]

1. d4 Nf6 2. Nc3 d5 3. Bg5 c5 4. Nf3 Ne4 5. dxc5 Nxg5 6. Nxg5 e6 7. h4 Bxc5 8.
Qd3 h6 9. Nf3 Qb6 10. Qb5+ Bd7 11. Qxb6 Bxb6 12. e4 dxe4 13. Nxe4 Nc6 14. Rd1
Ke7 15. c3 Rhd8 16. Be2 Be8 17. O-O Rxd1 18. Rxd1 Rd8 19. Re1 f5 20. Ng3 Kf6
21. Bb5 g6 22. b4 e5 23. Bxc6 Bxc6 24. Nxe5 Rd2 25. Nh1 Rxa2 26. Nxc6 bxc6 27.
Rd1 Ke6 28. h5 g5 29. Re1+ Kf6 30. Rd1 g4 31. Rd6+ Kg5 32. Rxc6 f4 33. Kf1 Ra1+
34. Ke2 Rxh1 35. c4 Rb1 36. c5 Rxb4 37. cxb6 axb6 38. Rg6+ Kxh5 39. Rg8 Rb2+
40. Kf1 Rb1+ 41. Ke2 Rg1 42. g3 fxg3 43. f3 gxf3+ 44. Kxf3 Kh4 45. Rg6 h5 46.
Rxb6 Kh3 0-1

[Event "Benidorm 2004 - sub2300"]
[Site "Benidorm ESP"]
[Date "2004.11.27"]
[Round "9.2"]
[White "Taboas Rodriguez, Daniel"]
[Black "Szmetan, Ricardo"]
[Result "1/2-1/2"]
[WhiteElo "2266"]
[BlackElo "2283"]
[PlyCount "56"]
[EventDate "2004.11.19"]
[EventType "swiss"]
[EventRounds "9"]
[EventCountry "ESP"]
[Source "lmi"]
[SourceDate "2004.11.19"]

1. d4 Nf6 2. Nf3 c5 3. d5 d6 4. c4 g6 5. Nc3 Bg7 6. e4 O-O 7. Bd3 Bg4 8. h3
Bxf3 9. Qxf3 Nbd7 10. Qd1 e6 11. O-O exd5 12. exd5 Ne8 13. Be3 f5 14. Qd2 Bxc3
15. bxc3 Ne5 16. Bg5 Qd7 17. Rfe1 f4 18. f3 Ng7 19. Re4 Nh5 20. Bc2 Rae8 21.
Rae1 Kg7 22. Kf2 Qf7 23. Ba4 h6 24. Bxe8 Qxe8 25. Bxh6+ Kxh6 26. g4 Ng7 27.
Rxf4 g5 28. Rxf8 Qxf8 1/2-1/2

[Event "Benidorm 2004 - sub2300"]
[Site "Benidorm ESP"]
[Date "2004.11.27"]
[Round "9.3"]
[White "Montilla Carrillo, Esteban"]
[Black "De La Fuente Mayan, Alfredo"]
[Result "1-0"]
[WhiteElo "2267"]
[BlackElo "2174"]
[PlyCount "45"]
[EventDate "2004.11.19"]
[EventType "swiss"]
[EventRounds "9"]
[EventCountry "ESP"]
[Source "lmi"]
[SourceDate "2004.11.19"]

1. d4 Nf6 2. Nc3 d5 3. Bg5 Nbd7 4. f3 c5 5. dxc5 e6 6. e4 Bxc5 7. Qd2 dxe4 8.
O-O-O e3 9. Bxe3 Bxe3 10. Qxe3 Qb6 11. Qd2 O-O 12. h4 Nc5 13. h5 e5 14. h6 g6
15. Qg5 Qe6 16. g4 Bd7 17. Qe3 Rfc8 18. g5 Nh5 19. Bh3 Qe8 20. Rd5 Bxh3 21.
Nxh3 Nd7 22. Rhd1 Rd8 23. Qd2 1-0

[Event "Benidorm 2004 - sub2300"]
[Site "Benidorm ESP"]
[Date "2004.11.27"]
[Round "9.5"]
[White "Roofthoofd, Marcel"]
[Black "Pena, Alfredo"]
[Result "0-1"]
[WhiteElo "2262"]
[BlackElo "2242"]
[PlyCount "120"]
[EventDate "2004.11.19"]
[EventType "swiss"]
[EventRounds "9"]
[EventCountry "ESP"]
[Source "lmi"]
[SourceDate "2004.11.19"]

1. e4 e5 2. Nf3 Nc6 3. d4 exd4 4. Bc4 Bc5 5. c3 Nf6 6. e5 d5 7. Bb5 Ne4 8. cxd4
Bb6 9. h3 O-O 10. O-O Bd7 11. Bxc6 Bxc6 12. Nc3 f6 13. Be3 f5 14. Qb3 Kh8 15.
Rad1 Qd7 16. Bf4 h6 17. h4 Rg8 18. g3 Ba5 19. Rc1 Rae8 20. Kg2 Re6 21. h5 Bxc3
22. bxc3 Bb5 23. Rh1 Rb6 24. Qd1 Bc4 25. Rc2 Qb5 26. Ne1 Qb1 27. Qxb1 Rxb1 28.
f3 Ng5 29. Bxg5 hxg5 30. Kh2 g6 31. h6 f4 32. Kh3 Rf8 33. Kg4 Rf5 34. e6 Bb5
35. h7 fxg3 36. Kxg3 Rf6 37. a4 Bc4 38. Rch2 Rxe6 39. Ng2 Rb3 40. f4 Rxc3+ 41.
Kg4 Be2+ 42. Kxg5 Rg3+ 43. Kh4 Rg4+ 44. Kh3 Bf3 45. Nh4 Rxh4+ 46. Kxh4 Bxh1 47.
Rxh1 Kxh7 48. Rc1 c6 49. a5 Kg7 50. Rb1 Re7 51. Kg5 Rd7 52. Re1 c5 53. Re6 c4
54. Rxg6+ Kf8 55. Kf5 c3 56. Rg2 Rc7 57. Rc2 b6 58. Ke5 b5 59. Kd6 Rc8 60. Kxd5
b4 0-1

[Event "Benidorm 2004 - sub2300"]
[Site "Benidorm ESP"]
[Date "2004.11.27"]
[Round "9.6"]
[White "Ballesteros Gonzalez, David"]
[Black "Mihailovs, Jurijs"]
[Result "1-0"]
[WhiteElo "2248"]
[BlackElo "2212"]
[PlyCount "118"]
[EventDate "2004.11.19"]
[EventType "swiss"]
[EventRounds "9"]
[EventCountry "ESP"]
[Source "lmi"]
[SourceDate "2004.11.19"]

1. d4 c5 2. d5 Nf6 3. c4 b5 4. Nf3 d6 5. cxb5 a6 6. b6 g6 7. Nc3 Nbd7 8. e4 Bg7
9. a4 Qxb6 10. a5 Qb4 11. Ra4 Qb7 12. Nd2 O-O 13. Nc4 Ne8 14. Ra3 Rb8 15. Bd3
Nc7 16. Bg5 Nb5 17. Rb3 f6 18. Bf4 Nxc3 19. Rxb7 Nxd1 20. Rxb8 Nxf2 21. Kxf2
Nxb8 22. Nb6 Bg4 23. Re1 g5 24. Kg3 Bh5 25. Bd2 h6 26. Bc3 Be8 27. Ra1 Bg6 28.
Ra3 f5 29. Bxg7 f4+ 30. Kf2 Kxg7 31. h3 h5 32. Rb3 f3 33. g3 g4 34. h4 Kf6 35.
Ke3 e6 36. dxe6 Kxe6 37. Bc4+ Ke5 38. Bd5 Bf7 39. Nc4+ Kf6 40. Bxf7 Kxf7 41.
Nxd6+ Ke6 42. Nf5 Nd7 43. Rd3 Ne5 44. Rd6+ Kf7 45. Rxa6 Rb8 46. Ra7+ Kf6 47.
Ra6+ Kf7 48. Ra7+ Kf6 49. Ra6+ Kf7 50. Kf4 f2 51. Ne3 Nc4 52. Ra7+ Ke8 53. Nf1
Rxb2 54. Ra8+ Kd7 55. a6 Kc7 56. a7 Ra2 57. Rh8 Rxa7 58. Rxh5 Kc6 59. Kxg4 Ra1
1-0

[Event "Benidorm 2004 - sub2300"]
[Site "Benidorm ESP"]
[Date "2004.11.27"]
[Round "9.7"]
[White "Farfan, Ortiz Alfredo"]
[Black "Rocabert Andreu, Guillem"]
[Result "0-1"]
[WhiteElo "2246"]
[BlackElo "2248"]
[PlyCount "74"]
[EventDate "2004.11.19"]
[EventType "swiss"]
[EventRounds "9"]
[EventCountry "ESP"]
[Source "lmi"]
[SourceDate "2004.11.19"]

1. d4 d5 2. Nf3 Nf6 3. Bf4 c5 4. e3 Nc6 5. c3 Qb6 6. Qb3 c4 7. Qxb6 axb6 8.
Nbd2 b5 9. h3 b4 10. Be2 Bf5 11. g4 Bd7 12. O-O e6 13. e4 bxc3 14. bxc3 dxe4
15. Ng5 Nd5 16. Bg3 Nxc3 17. Bxc4 Nxd4 18. Ndxe4 Nxe4 19. Nxe4 Bc6 20. f3 Nxf3+
21. Rxf3 Bxe4 22. Rff1 Bc5+ 23. Kh2 O-O 24. Rfd1 Rfd8 25. a4 h6 26. Bb5 Bf3 27.
Rxd8+ Rxd8 28. Bf4 g5 29. Rf1 Be4 30. Bc1 Bd3 31. Rf3 Bd6+ 32. Kg1 Be4 33. Rf1
Rc8 34. Re1 Bd5 35. Bd3 Rc3 36. Bf1 Rc2 37. Be2 Bg3 0-1